000 00491nam a2200181Ia 4500
001 13946
005 20260306164838.0
008 260306t2001||||xx |||||||||||||| ||spa||
041 _aESP
082 _a00S
_b5.74 CH518
100 _aChang, Ben
_eAUT
245 0 _aManual de Oracle XML:
_bcreación de documentos y aplicaciones XML sobre plataformas cruzadas
260 _c2001
300 _axxiv, 332 páginas :
_c24 cm.
650 _aGEN
654 _aCCC
942 _cLIB
_dJUS
_fJUS
_2ddc
_n
999 _c13946
_d13946